000 00293nam a2200121Ia 4500
008 240112s1955-56 xx 000 0 und d
041 _aeng
082 _a616.3403
100 _aGORDEN G.
245 _aTHE YEAR BOOK OF ENDOCRINOLOGY
260 _bTHE Y/B PUB
_c1955-56
300 _a367,HB
999 _c1142309
_d1142309